00000000nam 2200000zi 4500
0019.939029
003CaOODSP
00520250107144100
006m     o  d f      
007cr |n|||||||||
008240604e198109##oncd||| obs  f00| 0|eng d
040 |aCaOODSP|beng|erda|cCaOODSP
043 |an-cn---
0861 |aCo22-713/1979E-PDF
24500|aCable television industry : |bcharts & graphs : selected statistics, 1979.
264 1|a[Ottawa] : |bStatistical Information Services Division, Economics Branch, Department of Communications, |cSeptember 1981.
300 |a1 online resource (27 pages) : |bcharts
336 |atext|btxt|2rdacontent
337 |acomputer|bc|2rdamedia
338 |aonline resource|bcr|2rdacarrier
500 |aDigitized edition from print [produced by Innovation, Science and Economic Development Canada].
504 |aIncludes bibliographical references.
650 0|aCable television|zCanada|vStatistics.
650 0|aTelevision broadcasting|zCanada|vStatistics.
650 6|aTélédistribution|zCanada|vStatistiques.
650 6|aTélévision|zCanada|vStatistiques.
655 7|aStatistics|2lcgft
655 7|aStatistiques|2rvmgf
7101 |aCanada. |bDepartment of Communications, |eissuing body.
794 |tCharts & graphs : |b[1980]|w(CaOODSP)9.939030
85640|qPDF|s0.99 MB|uhttps://publications.gc.ca/collections/collection_2025/isde-ised/co22/Co22-713-1979-eng.pdf